| 000 | 00630nam a2200241Ia 4500 | ||
|---|---|---|---|
| 001 | 505 | ||
| 005 | 20240113233417.0 | ||
| 007 | ta | ||
| 008 | 050118s1974 a g b000 u eng u | ||
| 020 | _cHB | ||
| 040 | _aRef. stack | ||
| 041 | _aeng | ||
| 082 |
_a909 _bHi 521 Tw |
||
| 100 | _aHibbert, Christopher . | ||
| 245 | 0 |
_aMilestones of history: 7 twilight of princes / _cChristopher Hibbert ed. _hTextual Documents |
|
| 250 | _a2nd ed / | ||
| 260 |
_aNew York : _bNewsweek books , _c1974. |
||
| 300 |
_a160p. : _bill ; _c29cm . |
||
| 653 | _aWorld history | ||
| 942 |
_2ddc _cBK |
||
| 999 |
_c503 _d503 |
||